000 01349nam a2200325Ia 4500
001 ebr10355436
003 CaPaEBR
006 m u
007 cr cn|||||||||
008 090724s2009 paua sb 001 0 eng d
010 _z 2009029953
020 _z9789027205810 (hb : alk. paper)
040 _aCaPaEBR
_cCaPaEBR
035 _a(OCoLC)649901454
050 1 4 _aPC4271
_b.R62 2009eb
100 1 _aRoby, David Brian,
_d1972-
245 1 0 _aAspect and the categorization of states
_h[electronic resource] :
_bthe case of ser and estar in Spanish /
_cDavid Brian Roby.
260 _aPhiladelphia :
_bJohn Benjamins Pub. Co.,
_c2009.
300 _axii, 191 p. :
_bill.
490 1 _aStudies in language companion series ;
_v114
504 _aIncludes bibliographical references and index.
533 _aElectronic reproduction.
_bPalo Alto, Calif. :
_cebrary,
_d2011.
_nAvailable via World Wide Web.
_nAccess may be limited to ebrary affiliated libraries.
650 0 _aSpanish language
_xVerb.
650 0 _aSer (The Spanish word)
650 0 _aEstar (The Spanish word)
655 7 _aElectronic books.
_2local
710 2 _aebrary, Inc.
830 0 _aStudies in language companion series ;
_v114.
856 4 0 _uhttp://site.ebrary.com/lib/rucke/Doc?id=10355436
_zAn electronic book accessible through the World Wide Web; click to view
999 _c107266
_d107266